Mechanically Driven Diaphragm Pumps for Use with Gases

Saved in:
Bibliographic Details
Main Author: Becker, Erich (Author)
Format: Book
Language:English
Published: Essen : Vulkan-Verlag, 1999
Edition:1. Edition
Tags: Add Tag
No Tags, Be the first to tag this record!

MARC

LEADER 00000nam a22000003a 4500
001 stu54939
005 20150617225658.3
008 000904s1999----gw------------------eng-d
020 |a 3-8027-2187-X 
040 |a STU  |b slo 
041 0 |a eng 
044 |a gw 
080 |a 621.68 
100 1 |a Becker, Erich  |4 aut 
245 1 |a Mechanically Driven Diaphragm Pumps for Use with Gases 
250 |a 1. Edition 
260 |a Essen :  |b Vulkan-Verlag,  |c 1999 
300 |a 53 s 
996 |b 284J002789  |c J*97041  |l JJK14  |s P  |a 0  |w stu54939_0001